<?xml version="1.0" encoding="UTF-8"?>
<record
    xmlns:xsi="http://www.w3.org/2001/XMLSchema-instance"
    xsi:schemaLocation="http://www.loc.gov/MARC21/slim http://www.loc.gov/standards/marcxml/schema/MARC21slim.xsd"
    xmlns="http://www.loc.gov/MARC21/slim">

  <leader>00937    a2200205   4500</leader>
  <controlfield tag="001">118912</controlfield>
  <datafield tag="020" ind1=" " ind2=" ">
    <subfield code="a">9781906861759</subfield>
  </datafield>
  <datafield tag="041" ind1=" " ind2=" ">
    <subfield code="a">eng</subfield>
  </datafield>
  <datafield tag="082" ind1=" " ind2=" ">
    <subfield code="a">[E]</subfield>
  </datafield>
  <datafield tag="520" ind1=" " ind2=" ">
    <subfield code="a">Frustrado com a rotina de sua vida, Shrek faz um acordo com o trapaceiro Rumpelstiltskin - que quer ser o rei de Far Far Away. Ele troca um dia de sua vida atual por um dia como um ogro livre e solteiro. Mas, ap&#xF3;s a troca, Shrek se v&#xEA; diante de uma realidade diferente da que imaginava: Rumpelstiltskin &#xE9; rei, a princesa Fiona &#xE9; uma guerreira defensora da liberdade, e Shrek nunca existiu. Ser&#xE1; que ele conseguir&#xE1; desfazer o feiti&#xE7;o de Rumpelstiltskin?</subfield>
  </datafield>
  <datafield tag="521" ind1=" " ind2=" ">
    <subfield code="a">Year 3</subfield>
  </datafield>
  <datafield tag="697" ind1=" " ind2=" ">
    <subfield code="a">Children - Fiction</subfield>
  </datafield>
  <datafield tag="856" ind1=" " ind2=" ">
    <subfield code="u">000032/000032eb.jpg</subfield>
  </datafield>
  <datafield tag="040" ind1=" " ind2=" ">
    <subfield code="a">BR-BrIDEA</subfield>
    <subfield code="c">BR-BrIDEA</subfield>
  </datafield>
  <datafield tag="090" ind1=" " ind2=" ">
    <subfield code="a">A Year 3 [E]</subfield>
    <subfield code="b">SHR</subfield>
  </datafield>
  <datafield tag="245" ind1="1" ind2="0">
    <subfield code="a">Shrek</subfield>
    <subfield code="b">forever after</subfield>
  </datafield>
  <datafield tag="260" ind1=" " ind2=" ">
    <subfield code="a">London</subfield>
    <subfield code="b">Richmond</subfield>
    <subfield code="c">2011</subfield>
  </datafield>
  <datafield tag="300" ind1=" " ind2=" ">
    <subfield code="a">32 p.</subfield>
    <subfield code="b">il. color</subfield>
    <subfield code="e">22.2 x 14.8 x 0.8 cm</subfield>
  </datafield>
  <datafield tag="942" ind1=" " ind2=" ">
    <subfield code="c">BK</subfield>
  </datafield>
  <datafield tag="952" ind1=" " ind2=" ">
    <subfield code="0">0</subfield>
    <subfield code="1">0</subfield>
    <subfield code="2">ddc</subfield>
    <subfield code="4">0</subfield>
    <subfield code="7">0</subfield>
    <subfield code="a">12.27</subfield>
    <subfield code="b">12.27</subfield>
    <subfield code="d">2022-11-24</subfield>
    <subfield code="l">0</subfield>
    <subfield code="o">A Year 3 [E] SHR</subfield>
    <subfield code="p">00059476AGC</subfield>
    <subfield code="r">2024-01-23 15:01:59</subfield>
    <subfield code="w">2024-01-23</subfield>
    <subfield code="y">BK</subfield>
  </datafield>
  <datafield tag="999" ind1=" " ind2=" ">
    <subfield code="c">118912</subfield>
    <subfield code="d">118912</subfield>
  </datafield>
</record>
